000 00567nam a22001937a 4500
003 OSt
005 20180116183042.0
008 160224b xxu||||| |||| 00| 0 eng d
020 _a16-299-2014-2
024 _216-299-2014-2
040 _cLahore University of Management Sciences
082 _a174.4 LUM 2014
100 _aSHAHID MS
245 _aTHE INFORMAL ECONOMY OF PAKISTAN
_cSHAHID MS
260 _aLahore
_bLahore University of Management Sciences
_c2014
300 _a31 p.
_bPapers
440 _aTHE INFORMAL ECONOMY OF PAKISTAN
942 _2ddc
_cCS
999 _c351302
_d351302